Normal view
MARC view
Entry Personal Name
001 - CONTROL NUMBER
- control field: 158870
003 - CONTROL NUMBER IDENTIFIER
- control field: OSt
005 - DATE AND TIME OF LATEST TRANSACTION
- control field: 20220923211145.0
008 - FIXED-LENGTH DATA ELEMENTS
- fixed length control field: 220923|| aca||aabn | a|a d
040 ## - CATALOGING SOURCE
- Original cataloging agency: OSt
- Transcribing agency: OSt
100 ## - HEADING--PERSONAL NAME
- Personal name: ब्लाख, मार्क; मिश्र, कृष्णकान्त, अनु
670 ## - SOURCE DATA FOUND
- Source citation: Work cat.: (OSt)296076: ब्लाख, मार्क; मिश्र, कृष्णकान्त, अनु., सामंती समाज* परतंत्रता के बंधनों का विकास, कृष्णकान्त मिश्र अनु , 2002
